000 00387nam a2200157Ia 4500
008 151213s9999 xx 000 0 und d
100 _aAbu Taher Mojumder
245 _aDemons & The P lag of Life
_cAbu Taher Mojumder
250 _a1st
260 _aDhaka
_bAnkur
_c2004
300 _a4307 p.
650 _aEnglish
650 _aPoets
700 _aAbu Taher Mojumder
999 _c2721
_d2721